| 000 | 00621nam a2200205Ia 4500 | ||
|---|---|---|---|
| 999 |
_c3766 _d3766 |
||
| 020 | _a81-7829-350-1 | ||
| 082 | _a306.095493 SRI; | ||
| 245 | 0 | _aSri Lankan society in an era of globalization: Struggling to create a new social order | |
| 260 |
_aNew Delhi _bSage Publications _c2004 |
||
| 300 | _a296p. | ||
| 504 | _aincludes index | ||
| 650 | _aSri Lanka - Economic conditions | ||
| 650 | _aSri Lanka - Ethnic relations | ||
| 650 | _aSri Lanka - Social conditions | ||
| 650 | _aGlobalization | ||
| 650 | _aSocial change - Sri lanka | ||
| 700 | _aHasbullah, S.H. | ||
| 700 | _aMorrison, Barrie M. | ||
| 942 | _cBK | ||